|
|
|
|
| LEADER |
00000naa2a2200000 4500 |
| 001 |
202702 |
| 005 |
20240206161719.0 |
| 035 |
|
|
|a (RuTPU)RU\TPU\book\220890
|
| 090 |
|
|
|a 202702
|
| 100 |
|
|
|a 20111018d2009 k y0rusy50 ca
|
| 101 |
0 |
|
|a rus
|
| 102 |
|
|
|a RU
|
| 200 |
1 |
|
|a Разработка подсистемы формирования отчётов бюджетных организаций для департамента финансов администрации города Томска
|f В. В. Шпигарь, В. В. Соколова
|
| 461 |
|
1 |
|0 (RuTPU)RU\TPU\book\209223
|t Молодежь и современные информационные технологии
|o сборник трудов VII Всероссийской научно-практической конференции студентов, аспирантов и молодых ученых, Томск, 25-27 февраля 2009
|f Томский политехнический университет (ТПУ), Институт "Кибернетический центр"
|d 2009
|
| 463 |
|
0 |
|0 (RuTPU)RU\TPU\book\208775
|t Ч. 1
|v С. 353-354
|d 2009
|p 357 с.
|
| 610 |
1 |
|
|a бюджетные организации
|
| 610 |
1 |
|
|a отчеты
|
| 610 |
1 |
|
|a подсистемы
|
| 610 |
1 |
|
|a департаменты финансов
|
| 610 |
1 |
|
|a администрации
|
| 610 |
1 |
|
|a Томск
|
| 610 |
1 |
|
|a системы управления
|
| 610 |
1 |
|
|a информационные технологии
|
| 610 |
1 |
|
|a автоматизация
|
| 610 |
1 |
|
|a труды учёных ТПУ
|
| 700 |
|
1 |
|a Шпигарь
|b В. В.
|
| 701 |
|
1 |
|a Соколова
|b В. В.
|c специалист в области информатики и вычислительной техники
|c доцент Томского политехнического университета, кандидат технических наук
|f 1977-
|g Вероника Валерьевна
|3 (RuTPU)RU\TPU\pers\27798
|9 12846
|
| 801 |
|
1 |
|a RU
|b 63413507
|c 20111018
|
| 942 |
|
|
|c BK
|